|
|
|
|
| LEADER |
01461nam a2200409Ia 4500 |
| 001 |
EBC446568 |
| 003 |
MiAaPQ |
| 005 |
20200520144314.0 |
| 006 |
m o d | |
| 007 |
cr cn||||||||| |
| 008 |
090127s2009 enka s 000 0 eng d |
| 010 |
|
|
|z 2009002266
|
| 020 |
|
|
|z 9780415492386 (hbk)
|
| 020 |
|
|
|z 0415492386 (hbk)
|
| 020 |
|
|
|a 9780203874127 (electronic bk.)
|
| 020 |
|
|
|a 0203874129 (electronic bk.)
|
| 035 |
|
|
|a (MiAaPQ)EBC446568
|
| 035 |
|
|
|a (Au-PeEL)EBL446568
|
| 035 |
|
|
|a (CaPaEBR)ebr10320412
|
| 035 |
|
|
|a (CaONFJC)MIL232484
|
| 035 |
|
|
|a (OCoLC)639165677
|
| 040 |
|
|
|a MiAaPQ
|c MiAaPQ
|d MiAaPQ
|
| 050 |
|
4 |
|a G155.A1
|b A283 2009
|
| 082 |
0 |
4 |
|a 910.68/8
|2 22
|
| 245 |
0 |
0 |
|a Advances in tourism destination marketing
|h [electronic resource] /
|c [edited by] Metin Kozak, Juergen Gnoth and Luisa Andreu.
|
| 260 |
|
|
|a Milton Park, Abingdon, Oxon ;
|a New York :
|b Routledge,
|c 2009.
|
| 300 |
|
|
|a xxii, 257 p. :
|b ill.
|
| 490 |
0 |
|
|a Advances in tourism
|
| 533 |
|
|
|a Electronic reproduction. Ann Arbor, MI : ProQuest, 2015. Available via World Wide Web. Access may be limited to ProQuest affiliated libraries.
|
| 650 |
|
0 |
|a Tourism
|x Marketing.
|
| 650 |
|
0 |
|a Travel.
|
| 655 |
|
4 |
|a Electronic books.
|
| 700 |
1 |
|
|a Kozak, M.
|q (Metin),
|d 1968-
|
| 700 |
1 |
|
|a Gnoth, Juergen.
|
| 700 |
1 |
|
|a Andreu, Luisa.
|
| 710 |
2 |
|
|a ProQuest (Firm)
|
| 856 |
4 |
0 |
|u https://ebookcentral.proquest.com/lib/matrademy/detail.action?docID=446568
|z Click to View
|